Indian revenue service (Record no. 517173)

000 -LEADER
fixed length control field 00315nam a2200121 4500
082 ## - DEWEY DECIMAL CLASSIFICATION NUMBER
Classification number TNC K23x54 G748
100 ## - MAIN ENTRY--PERSONAL NAME
Personal name Goyal, S.K.
9 (RLIN) 24588
245 ## - TITLE STATEMENT
Title Indian revenue service
260 ## - PUBLICATION, DISTRIBUTION, ETC. (IMPRINT)
Place of publication, distribution, etc Delhi
Name of publisher, distributor, etc Konark
Date of publication, distribution, etc 2005
300 ## - PHYSICAL DESCRIPTION
Extent 204p
650 ## - SUBJECT ADDED ENTRY--TOPICAL TERM
Topical term or geographic name as entry element Tanatior India
9 (RLIN) 24589
650 ## - SUBJECT ADDED ENTRY--TOPICAL TERM
Topical term or geographic name as entry element India Revenue services (IRS)
9 (RLIN) 24590
Holdings
Withdrawn status Lost status Source of classification or shelving scheme Damaged status Koha normalized classification for sorting Not for loan Permanent location Current location Date acquired Full call number Barcode Date last seen Price effective from Koha item type
        TNC_K23X54_G748   Indian Institute of Public Administration Indian Institute of Public Administration 2021-07-05 TNC K23x54 G748 GR22678 2021-07-05 2021-07-05 GR

Powered by Koha